Biomedical Signal Analysis (Record no. 341232)

MARC details
000 -LEADER
fixed length control field 00484nam a2200169Ia 4500
008 - FIXED-LENGTH DATA ELEMENTS--GENERAL INFORMATION
fixed length control field 230718s9999 xx 000 0 und d
020 ## - INTERNATIONAL STANDARD BOOK NUMBER
International Standard Book Number 9788126522194
041 ## - LANGUAGE CODE
Language code of text/sound track or separate title eng
082 ## - DEWEY DECIMAL CLASSIFICATION NUMBER
Classification number 610.28
Item number RAN
100 ## - MAIN ENTRY--PERSONAL NAME
Personal name Rangayyan R.M.
9 (RLIN) 127095
245 ## - TITLE STATEMENT
Title Biomedical Signal Analysis
Remainder of title A Case-Study Approach
260 ## - PUBLICATION, DISTRIBUTION, ETC. (IMPRINT)
Date of publication, distribution, etc. 2014
Name of publisher, distributor, etc. Wiley
300 ## - PHYSICAL DESCRIPTION
Extent 516
365 ## - TRADE PRICE
Currency code Rs.
Price amount 629.00
700 ## - ADDED ENTRY--PERSONAL NAME
Personal name Rangayyan R.M.
9 (RLIN) 127095
906 ## - LOCAL DATA ELEMENT F, LDF (RLIN)
d O:0485620-Jan-2016B:SE/SI/275630-Dec-2015
c ETC
b 2289.56
Holdings
Withdrawn status Lost status Damaged status Not for loan Home library Current library Date acquired Vendor Budget Code Cost, normal purchase price Bill number Total Checkouts Full call number Barcode Date last seen Date last checked out Discount Cost, replacement price Bill Date Koha item type Original Barcode
        Cummins College of Engineering for Women Pune Cummins College of Engineering for Women Pune 20/01/2016 Suyog Enterprises ETC 452.88 SE/SI/2756 2 610.28 CCEP-BK-52439 27/02/2026 13/02/2026 2289.56 629.00 30/12/2015 Books 052439